[Event "Hart House Summer op"]
[Site "Toronto CAN"]
[Date "2009.07.05"]
[Round "5"]
[White "Ward, Dean"]
[Black "Mesiti, Silvano"]
[Result "1/2-1/2"]
[WhiteElo "1772"]
[BlackElo "1754"]
[PlyCount "118"]
[GameId "2160767910156413"]
[EventDate "2009.07.03"]
[EventType "swiss"]
[EventRounds "5"]
[EventCountry "CAN"]
[SourceTitle "EXT 2011"]
[Source "ChessBase"]
[SourceDate "2011.11.26"]
[SourceVersion "1"]
[SourceVersionDate "2011.11.26"]
[SourceQuality "1"]

1. c4 e5 2. Nc3 Nf6 3. g3 Bc5 4. Bg2 Nc6 5. a3 O-O 6. e3 Re8 7. d3 Bf8 8. b4 a6 9. Nge2 Ne7 10. Qb3 c6 11. e4 d6 12. f4 g6 13. h3 Bg7 14. g4 exf4 15. Bxf4 Be6 16. O-O-O d5 17. e5 Nd7 18. cxd5 cxd5 19. d4 Nb6 20. Bg5 Qd7 21. Bf3 Nc4 22. Nf4 b5 23. Bxe7 Rxe7 24. Nfxd5 Ree8 25. Nf6+ Bxf6 26. d5 Bxg4 27. Bxg4 Bg5+ 28. Kb1 Qa7 29. e6 Nd2+ 30. Rxd2 Bxd2 31. exf7+ Qxf7 32. Be6 Rxe6 33. dxe6 Qf5+ 34. Ka2 Re8 35. e7+ Kg7 36. Nd5 Bg5 37. Re1 Qf2+ 38. Qb2+ Qxb2+ 39. Kxb2 Kf7 40. Nc7 Rxe7 41. Rxe7+ Bxe7 42. Nxa6 Bd6 43. Kb3 g5 44. Nc5 h5 45. Ne4 Be7 46. Nc3 g4 47. hxg4 hxg4 48. Nxb5 g3 49. Nd4 g2 50. Ne2 Ke8 51. b5 Kd8 52. a4 Bc5 53. a5 Kc8 54. Kc4 g1=Q 55. Nxg1 Bxg1 56. b6 Bxb6 57. axb6 Kb7 58. Kc5 Kb8 59. Kc6 Kc8 1/2-1/2

[Event "Hull CC - LEO ferme ch A"]
[Site "Gatineau CAN"]
[Date "2009.05.16"]
[Round "6"]
[White "Gagnon, Fabien"]
[Black "Cossette, Daniel"]
[Result "0-1"]
[WhiteElo "1968"]
[BlackElo "2007"]
[PlyCount "82"]
[GameId "2160767910157228"]
[EventDate "2009.04.14"]
[EventType "tourn"]
[EventRounds "6"]
[EventCountry "CAN"]

1. e4 c5 2. Nf3 Nc6 3. d4 cxd4 4. Nxd4 g6 5. Nc3 Bg7 6. Be3 Nf6 7. Bc4 O-O 8. Bb3 e6 9. Nde2 d5 10. exd5 Nxd5 11. Nxd5 exd5 12. c3 Be6 13. O-O Qa5 14. Qd2 Rfd8 15. Bd4 Nxd4 16. Nxd4 Qb6 17. Rfd1 a5 18. Qc2 Rac8 19. Qe2 Re8 20. Qd2 Re7 21. Nf3 Rd7 22. Nd4 Qc5 23. Qe2 Bxd4 24. Rxd4 b5 25. a3 Rb8 26. Qd2 Rbd8 27. h3 Qe7 28. Re1 Qc5 29. Qh6 Qf8 30. Qd2 Qc5 31. h4 h5 32. Bd1 Qf8 33. Qd3 Rb8 34. Rxe6 fxe6 35. Qxg6+ Rg7 36. Qxe6+ Kh8 37. Rxd5 Re8 38. Qh6+ Kg8 39. Bxh5 Re4 40. Kh2 Rxg2+ 41. Kxg2 Qxh6 0-1

[Event "Hull CC XXIX ann. A"]
[Site "Gatineau CAN"]
[Date "2009.09.08"]
[Round "1"]
[White "Brousseau, Yvan"]
[Black "Danilov, Alex"]
[Result "1-0"]
[WhiteElo "2025"]
[BlackElo "1905"]
[PlyCount "153"]
[GameId "2160767910092821"]
[EventDate "2009.09.08"]
[EventType "tourn"]
[EventRounds "5"]
[EventCountry "CAN"]
[SourceTitle "EXT 2011"]
[Source "ChessBase"]
[SourceDate "2011.11.26"]
[SourceVersion "1"]
[SourceVersionDate "2011.11.26"]
[SourceQuality "1"]

1. d4 Nf6 2. c4 e6 3. Nc3 Bb4 4. Qc2 O-O 5. e3 d5 6. Bd3 b6 7. Nge2 Nbd7 8. cxd5 exd5 9. a3 Be7 10. Nf4 Bb7 11. b4 c5 12. bxc5 bxc5 13. O-O Rc8 14. Qb2 cxd4 15. exd4 Qc7 16. Bd2 Bd6 17. Nb5 Qb6 18. Ba5 Qxa5 19. Nxd6 Rb8 20. Nxb7 Qc7 21. g3 Rxb7 22. Qa2 Nb6 23. Rac1 Qd7 24. h4 Rc7 25. Rxc7 Qxc7 26. Qb3 Rd8 27. Re1 Qd6 28. a4 a5 29. Rb1 Rb8 30. Qb5 Nbd7 31. Qxa5 Rxb1+ 32. Bxb1 Qa3 33. Qb5 Qc1+ 34. Kg2 Qc4 35. Qxc4 dxc4 36. Ba2 c3 37. Ne2 Ne4 38. f3 Nd6 39. Nxc3 Nb7 40. Ne4 h6 41. Bd5 Na5 42. Nc5 Nb6 43. Be4 Kf8 44. g4 Ke7 45. Kf2 Kd6 46. Ke2 Nd5 47. Kd2 Nc4+ 48. Kc2 Na5 49. h5 Nb4+ 50. Kb2 Nd5 51. Nb3 Nc4+ 52. Kc1 Nc3 53. Bd3 Kd5 54. a5 Nxa5 55. Nxa5 Kxd4 56. Kd2 Nd5 57. Nc6+ Kc5 58. Nd8 Kd6 59. Nxf7+ Ke7 60. Ne5 Kf6 61. Nc6 Kg5 62. Be4 Nf4 63. Nd4 Kf6 64. Ke3 Kg5 65. Kf2 Nh3+ 66. Kg3 Nf4 67. Nf5 Ne6 68. Bd5 Nc7 69. Bc4 Kf6 70. f4 Ne8 71. Kf3 Nc7 72. Ke4 Ne8 73. Kd5 Kf7 74. Ke5+ Kf8 75. g5 hxg5 76. fxg5 Nc7 77. h6 1-0

[Event "Hull CC XXIX ann. A"]
[Site "Gatineau CAN"]
[Date "2009.09.08"]
[Round "1"]
[White "Guimond, Michel"]
[Black "Groleau, Gilles"]
[Result "1-0"]
[WhiteElo "1896"]
[BlackElo "1826"]
[PlyCount "43"]
[GameId "2160767910092822"]
[EventDate "2009.09.08"]
[EventType "tourn"]
[EventRounds "5"]
[EventCountry "CAN"]
[SourceTitle "EXT 2011"]
[Source "ChessBase"]
[SourceDate "2011.11.26"]
[SourceVersion "1"]
[SourceVersionDate "2011.11.26"]
[SourceQuality "1"]

1. e4 c5 2. Nf3 e6 3. d4 cxd4 4. Nxd4 a6 5. Be3 Qc7 6. Bd3 Nc6 7. O-O Nge7 8. c3 b5 9. f4 Bb7 10. f5 e5 11. Nb3 d6 12. f6 gxf6 13. Rxf6 Bg7 14. Rf2 O-O 15. Qh5 Ng6 16. g3 Rae8 17. N1d2 Bc8 18. Nf3 f6 19. Nh4 Nxh4 20. gxh4 Qf7 21. Qf3 Qg6+ 22. Rg2 1-0

[Event "Hull CC XXIX ann. A"]
[Site "Gatineau CAN"]
[Date "2009.09.08"]
[Round "1"]
[White "Laurin, Jacques"]
[Black "Libersan, Mattieu"]
[Result "1-0"]
[WhiteElo "1789"]
[BlackElo "1861"]
[PlyCount "51"]
[GameId "2160767910092823"]
[EventDate "2009.09.08"]
[EventType "tourn"]
[EventRounds "5"]
[EventCountry "CAN"]
[SourceTitle "EXT 2011"]
[Source "ChessBase"]
[SourceDate "2011.11.26"]
[SourceVersion "1"]
[SourceVersionDate "2011.11.26"]
[SourceQuality "1"]

1. c4 Nf6 2. Nf3 g6 3. Nc3 Bg7 4. e4 d6 5. Be2 O-O 6. d4 e5 7. Bg5 exd4 8. Nxd4 Nbd7 9. Qd2 Re8 10. f3 c6 11. h4 Qb6 12. Nc2 Qxb2 13. Rb1 Nxe4 14. Rxb2 Bxc3 15. fxe4 Bxd2+ 16. Kxd2 Nc5 17. Bf3 Nxe4+ 18. Bxe4 Rxe4 19. Re1 Rxe1 20. Nxe1 b6 21. Nf3 Ba6 22. Kc3 Re8 23. Rd2 Re4 24. Rxd6 Rxc4+ 25. Kb3 c5 26. Bf6 1-0

[Event "Hull CC XXIX ann. A"]
[Site "Gatineau CAN"]
[Date "2009.09.15"]
[Round "2"]
[White "Groleau, Gilles"]
[Black "Brousseau, Yvan"]
[Result "1/2-1/2"]
[WhiteElo "1826"]
[BlackElo "2025"]
[PlyCount "44"]
[GameId "2160767910092824"]
[EventDate "2009.09.08"]
[EventType "tourn"]
[EventRounds "5"]
[EventCountry "CAN"]
[SourceTitle "EXT 2011"]
[Source "ChessBase"]
[SourceDate "2011.11.26"]
[SourceVersion "1"]
[SourceVersionDate "2011.11.26"]
[SourceQuality "1"]

1. e4 d5 2. exd5 Qxd5 3. Nc3 Qd6 4. d4 Nf6 5. Nf3 a6 6. g3 Bg4 7. Bg2 Nc6 8. Bf4 Qd7 9. Ne2 e6 10. O-O Bd6 11. c3 O-O 12. h3 Bxf3 13. Bxf3 Nd5 14. Bxd6 Qxd6 15. Bxd5 exd5 16. Nf4 b6 17. Qf3 Rad8 18. Rfe1 Qf6 19. Kg2 Ne7 20. Re2 Ng6 21. Nxg6 Qxf3+ 22. Kxf3 fxg6+ 1/2-1/2

[Event "Hull CC XXIX ann. A"]
[Site "Gatineau CAN"]
[Date "2009.09.15"]
[Round "2"]
[White "Laurin, Jacques"]
[Black "Guimond, Michel"]
[Result "1-0"]
[WhiteElo "1789"]
[BlackElo "1896"]
[PlyCount "75"]
[GameId "2160767910092825"]
[EventDate "2009.09.08"]
[EventType "tourn"]
[EventRounds "5"]
[EventCountry "CAN"]
[SourceTitle "EXT 2011"]
[Source "ChessBase"]
[SourceDate "2011.11.26"]
[SourceVersion "1"]
[SourceVersionDate "2011.11.26"]
[SourceQuality "1"]

1. d4 c5 2. d5 e5 3. Nc3 d6 4. Nf3 h6 5. e4 a6 6. Be3 b5 7. Qe2 Bd7 8. Bxc5 dxc5 9. Nxe5 b4 10. Qh5 g6 11. Nxg6 Bg7 12. Nxh8 Bxc3+ 13. bxc3 Qf6 14. Qxf7+ Qxf7 15. Nxf7 Kxf7 16. cxb4 Nf6 17. f3 cxb4 18. Rb1 a5 19. Bc4 Ba4 20. e5 Nh5 21. Rb2 Na6 22. f4 Nc5 23. g4 Ng7 24. d6+ Ke8 25. Bd5 Rc8 26. f5 Bc6 27. Bxc6+ Rxc6 28. O-O Ne4 29. a3 Nd2 30. axb4 Nxf1 31. Kxf1 Rb6 32. b5 Rb8 33. c4 Rc8 34. b6 Kd7 35. c5 Kc6 36. e6 Rb8 37. d7 h5 38. h3 1-0

[Event "Hull CC XXIX ann. A"]
[Site "Gatineau CAN"]
[Date "2009.09.15"]
[Round "2"]
[White "Libersan, Mattieu"]
[Black "Danilov, Alex"]
[Result "0-1"]
[WhiteElo "1861"]
[BlackElo "1905"]
[PlyCount "124"]
[GameId "2160767910092826"]
[EventDate "2009.09.08"]
[EventType "tourn"]
[EventRounds "5"]
[EventCountry "CAN"]
[SourceTitle "EXT 2011"]
[Source "ChessBase"]
[SourceDate "2011.11.26"]
[SourceVersion "1"]
[SourceVersionDate "2011.11.26"]
[SourceQuality "1"]

1. e4 e5 2. Nf3 Nc6 3. Bc4 Be7 4. d4 d6 5. Nc3 exd4 6. Nxd4 Nf6 7. f3 Ne5 8. Bb3 a6 9. f4 Bg4 10. fxe5 Bxd1 11. exf6 Bxf6 12. Be3 Bg4 13. O-O O-O 14. Rf4 Bg5 15. Raf1 Bxf4 16. Rxf4 Qd7 17. Nf5 Bxf5 18. Rxf5 c6 19. Bd4 b5 20. Rg5 g6 21. h4 c5 22. Nd5 Qd8 23. Bf6 c4 24. Bxc4 bxc4 25. Bxd8 Rfxd8 26. Rg3 Kg7 27. Rc3 Rab8 28. b3 cxb3 29. cxb3 Rbc8 30. Rc7 Rxc7 31. Nxc7 Rc8 32. Nxa6 Kf6 33. b4 Rc1+ 34. Kh2 Ra1 35. b5 Rxa2 36. Nc7 Ke5 37. Nd5 f5 38. Nb4 Ra1 39. exf5 gxf5 40. Nc6+ Ke4 41. Nb8 Rb1 42. Nd7 Rxb5 43. Nf6+ Kf4 44. Nxh7 Kg4 45. Ng5 Kxh4 46. Nf3+ Kg4 47. Nd4 Rb2 48. Nf3 Ra2 49. Nd4 Ra8 50. Nf3 Rh8+ 51. Kg1 Rb8 52. Kh2 Rb3 53. Nd4 Rd3 54. Ne2 Rd2 55. Ng1 Rf2 56. Nh3 Rf1 57. Ng1 Rxg1 58. Kxg1 d5 59. Kf2 f4 60. Kf1 Kg3 61. Kg1 d4 62. Kf1 d3 0-1

[Event "Hull CC XXIX ann. A"]
[Site "Gatineau CAN"]
[Date "2009.09.22"]
[Round "3"]
[White "Brousseau, Yvan"]
[Black "Laurin, Jacques"]
[Result "1-0"]
[WhiteElo "2025"]
[BlackElo "1789"]
[PlyCount "105"]
[GameId "2160767910092827"]
[EventDate "2009.09.08"]
[EventType "tourn"]
[EventRounds "5"]
[EventCountry "CAN"]
[SourceTitle "EXT 2011"]
[Source "ChessBase"]
[SourceDate "2011.11.26"]
[SourceVersion "1"]
[SourceVersionDate "2011.11.26"]
[SourceQuality "1"]

1. d4 g6 2. Nf3 Bg7 3. e4 d6 4. Bc4 Nf6 5. Qe2 O-O 6. O-O c6 7. Bd3 Bg4 8. h3 Bxf3 9. Qxf3 Nfd7 10. c3 c5 11. dxc5 Ne5 12. Qe2 Nxd3 13. Qxd3 dxc5 14. Qc4 Qc7 15. Be3 Nd7 16. a4 Rac8 17. f4 Nb6 18. Qe2 Qc6 19. a5 Na4 20. Qc2 Nxb2 21. Qxb2 Qxe4 22. Rf3 Rfd8 23. Qc1 Rd3 24. Ra3 Rcd8 25. Nd2 Qe6 26. c4 Qd7 27. Rxd3 Qxd3 28. Nf1 Qd6 29. Nd2 b6 30. axb6 axb6 31. Ne4 Qe6 32. Ng5 Qc6 33. Rf1 h6 34. Nf3 Qa4 35. Qb1 Qa3 36. Bf2 Rd6 37. Qb5 Qa8 38. Re1 Qd8 39. Ne5 Rd1 40. Rxd1 Qxd1+ 41. Kh2 Qd8 42. Nd7 Qc7 43. Bg3 Qd6 44. Nxb6 Kh7 45. Nc8 Qd1 46. Bf2 Qd2 47. Qxc5 Qxf4+ 48. Bg3 Qf1 49. Nxe7 Qe2 50. Nc6 h5 51. Qd5 Qf1 52. c5 Bh6 53. Qf3 1-0

[Event "Hull CC XXIX ann. A"]
[Site "Gatineau CAN"]
[Date "2009.09.22"]
[Round "3"]
[White "Danilov, Alex"]
[Black "Groleau, Gilles"]
[Result "1/2-1/2"]
[WhiteElo "1905"]
[BlackElo "1826"]
[PlyCount "55"]
[GameId "2160767910092828"]
[EventDate "2009.09.08"]
[EventType "tourn"]
[EventRounds "5"]
[EventCountry "CAN"]
[SourceTitle "EXT 2011"]
[Source "ChessBase"]
[SourceDate "2011.11.26"]
[SourceVersion "1"]
[SourceVersionDate "2011.11.26"]
[SourceQuality "1"]

1. Nf3 Nf6 2. c4 e6 3. g3 b6 4. Bg2 Bb7 5. O-O Be7 6. b3 O-O 7. Bb2 c5 8. d4 cxd4 9. Bxd4 Nc6 10. Bb2 d5 11. cxd5 Qxd5 12. Qc1 Qc5 13. Qf4 Qc2 14. Qc1 Qxe2 15. Nc3 Qa6 16. Re1 Rac8 17. a3 Ba8 18. b4 Qd3 19. Qf4 Nh5 20. Qg4 Qg6 21. Qxg6 hxg6 22. Rad1 Rfd8 23. Nb5 Rxd1 24. Rxd1 a6 25. Nc3 Rd8 26. Rxd8+ Nxd8 27. Na4 b5 28. Nc5 1/2-1/2

[Event "Hull CC XXIX ann. A"]
[Site "Gatineau CAN"]
[Date "2009.09.22"]
[Round "3"]
[White "Guimond, Michel"]
[Black "Libersan, Mattieu"]
[Result "1-0"]
[WhiteElo "1896"]
[BlackElo "1861"]
[PlyCount "113"]
[GameId "2160767910092829"]
[EventDate "2009.09.08"]
[EventType "tourn"]
[EventRounds "5"]
[EventCountry "CAN"]
[SourceTitle "EXT 2011"]
[Source "ChessBase"]
[SourceDate "2011.11.26"]
[SourceVersion "1"]
[SourceVersionDate "2011.11.26"]
[SourceQuality "1"]

1. e4 c5 2. b3 e5 3. Bb2 d6 4. Bb5+ Bd7 5. Bxd7+ Qxd7 6. d3 Be7 7. Nd2 Bf6 8. Nf1 Ne7 9. c4 Nbc6 10. Ne2 O-O 11. Nc3 Nd4 12. h4 Nec6 13. Ne3 Be7 14. g4 g6 15. Ncd5 f5 16. gxf5 gxf5 17. Bxd4 Nxd4 18. exf5 Rae8 19. Qg4+ Kh8 20. O-O-O Rg8 21. Qh5 Ref8 22. Rhg1 Bd8 23. Rxg8+ Rxg8 24. f6 Rf8 25. Qh6 Rf7 26. Kb2 Qe6 27. Rg1 Bxf6 28. Rg6 Bg7 29. Rxe6 Bxh6 30. Rxh6 Rxf2+ 31. Ka3 b5 32. cxb5 Nxb5+ 33. Ka4 a6 34. a3 Ra2 35. Nc4 Kg7 36. Re6 Rh2 37. Ka5 Rxh4 38. Kxa6 Nd4 39. Rxd6 Nxb3 40. Rd7+ Kg6 41. Nxe5+ Kf5 42. Nc4 h5 43. Nce3+ Kg6 44. Rd6+ Kf7 45. Rf6+ Ke8 46. Nc4 Rd4 47. Nf4 h4 48. Re6+ Kf7 49. Ne5+ Kg7 50. Nh5+ Kf8 51. Ng6+ Kf7 52. Rf6+ Ke8 53. Ng7+ Kd7 54. Nf5 Ra4+ 55. Kb6 Rxa3 56. Ne5+ Ke8 57. Rh6 1-0

[Event "Hull CC XXIX ann. A"]
[Site "Gatineau CAN"]
[Date "2009.09.29"]
[Round "4"]
[White "Libersan, Mattieu"]
[Black "Groleau, Gilles"]
[Result "0-1"]
[WhiteElo "1861"]
[BlackElo "1826"]
[PlyCount "92"]
[GameId "2160767910092830"]
[EventDate "2009.09.08"]
[EventType "tourn"]
[EventRounds "5"]
[EventCountry "CAN"]
[SourceTitle "EXT 2011"]
[Source "ChessBase"]
[SourceDate "2011.11.26"]
[SourceVersion "1"]
[SourceVersionDate "2011.11.26"]
[SourceQuality "1"]

1. e4 c5 2. Nf3 e6 3. d4 cxd4 4. Nxd4 a6 5. Nc3 Qc7 6. Be2 Nc6 7. Be3 Nge7 8. O-O Nxd4 9. Bxd4 Nc6 10. Be3 b5 11. f4 Bb7 12. Bf3 Na5 13. Qe2 Nc4 14. Bd4 Bc5 15. Qf2 Rc8 16. b3 Na3 17. Ne2 Nxc2 18. Rac1 Nxd4 19. Nxd4 Qb6 20. Rfd1 O-O 21. Rxc5 Qxc5 22. Qd2 d6 23. Kh1 Qc3 24. Qxc3 Rxc3 25. Ne2 Rc2 26. h4 Bxe4 27. Bxe4 Rxe2 28. Bf3 Rxa2 29. Rxd6 g6 30. Bb7 a5 31. Rb6 a4 32. Rxb5 axb3 33. Rxb3 Rb8 34. Rb5 Ra7 35. Bc6 Rxb5 36. Bxb5 Rb7 37. Bc6 Rb4 38. g3 Rb2 39. Bf3 Kg7 40. Bc6 f5 41. Bd7 Kf6 42. Bc6 h6 43. Bf3 g5 44. hxg5+ hxg5 45. Bc6 gxf4 46. gxf4 Rf2 0-1

[Event "Hull CC XXIX ann. A"]
[Site "Gatineau CAN"]
[Date "2009.09.30"]
[Round "4"]
[White "Guimond, Michel"]
[Black "Brousseau, Yvan"]
[Result "1-0"]
[WhiteElo "1896"]
[BlackElo "2025"]
[PlyCount "73"]
[GameId "2160767910092831"]
[EventDate "2009.09.08"]
[EventType "tourn"]
[EventRounds "5"]
[EventCountry "CAN"]
[SourceTitle "EXT 2011"]
[Source "ChessBase"]
[SourceDate "2011.11.26"]
[SourceVersion "1"]
[SourceVersionDate "2011.11.26"]
[SourceQuality "1"]

1. e4 d5 2. exd5 Qxd5 3. Nc3 Qa5 4. d4 Nf6 5. Bc4 Bf5 6. Bd2 c6 7. Nf3 e6 8. Qe2 Bb4 9. O-O-O Nbd7 10. a3 Bxc3 11. Bxc3 Qc7 12. Bd3 Bxd3 13. Qxd3 O-O-O 14. Qc4 Ne4 15. Be1 Rhe8 16. Nd2 Ndf6 17. Qa4 a6 18. Nc4 Qf4+ 19. Kb1 Nc5 20. Qa5 Rxd4 21. Rxd4 Qxd4 22. Nb6+ Kb8 23. Bc3 Qxf2 24. Bxf6 gxf6 25. Qxc5 Qxg2 26. Rd1 f5 27. Qd6+ Ka7 28. Qc7 Qf2 29. Nc8+ Ka8 30. Nb6+ Ka7 31. Nc8+ Ka8 32. b3 Qf3 33. Rd7 c5 34. Nb6+ Ka7 35. Qxc5 Kb8 36. Nd5 Rc8 37. Qd6+ 1-0

[Event "Hull CC XXIX ann. A"]
[Site "Gatineau CAN"]
[Date "2009.10.06"]
[Round "5"]
[White "Brousseau, Yvan"]
[Black "Libersan, Mattieu"]
[Result "1-0"]
[WhiteElo "2025"]
[BlackElo "1861"]
[PlyCount "99"]
[GameId "2160767910092833"]
[EventDate "2009.09.08"]
[EventType "tourn"]
[EventRounds "5"]
[EventCountry "CAN"]
[SourceTitle "EXT 2011"]
[Source "ChessBase"]
[SourceDate "2011.11.26"]
[SourceVersion "1"]
[SourceVersionDate "2011.11.26"]
[SourceQuality "1"]

1. b3 e5 2. Bb2 Nc6 3. e3 d5 4. Bb5 Bd6 5. f4 Qh4+ 6. g3 Qe7 7. Qe2 Nf6 8. fxe5 Bxe5 9. Nc3 Bg4 10. Bxc6+ bxc6 11. Nf3 O-O 12. O-O Rfe8 13. Qa6 Qd6 14. Nxe5 Rxe5 15. Rf4 Rae8 16. Kg2 Qd7 17. Ne2 Bh3+ 18. Kg1 Ng4 19. Bxe5 Rxe5 20. Qxa7 h5 21. Qd4 Qe7 22. Qd3 Nxe3 23. Nd4 Ng4 24. Raf1 Bxf1 25. Rxf1 Re1 26. Nf3 Qc5+ 27. Nd4 Rxf1+ 28. Kxf1 Nxh2+ 29. Kg2 Ng4 30. a4 Ne5 31. Qc3 Qxc3 32. dxc3 c5 33. Nb5 c6 34. Nc7 Nd7 35. a5 Nb8 36. a6 Nxa6 37. Nxa6 Kf8 38. Nxc5 Ke7 39. Kf3 g5 40. Nd3 Kd6 41. Nf2 f5 42. Nd3 Ke6 43. Ke3 Kd6 44. b4 Ke6 45. Ne1 f4+ 46. gxf4 g4 47. Ng2 Kf5 48. Nh4+ Kf6 49. Kd4 g3 50. Kc5 1-0

[Event "Hull CC XXIX ann. A"]
[Site "Gatineau CAN"]
[Date "2009.10.06"]
[Round "5"]
[White "Danilov, Alex"]
[Black "Guimond, Michel"]
[Result "0-1"]
[WhiteElo "1905"]
[BlackElo "1896"]
[PlyCount "82"]
[GameId "2160767910092834"]
[EventDate "2009.09.08"]
[EventType "tourn"]
[EventRounds "5"]
[EventCountry "CAN"]
[SourceTitle "EXT 2011"]
[Source "ChessBase"]
[SourceDate "2011.11.26"]
[SourceVersion "1"]
[SourceVersionDate "2011.11.26"]
[SourceQuality "1"]

1. c4 g6 2. g3 Bg7 3. Bg2 e5 4. Nc3 d6 5. e4 Be6 6. d3 c6 7. Nge2 Qd7 8. O-O Bh3 9. Be3 h5 10. f4 h4 11. f5 Bxg2 12. Kxg2 gxf5 13. exf5 Nf6 14. Bg5 h3+ 15. Kh1 d5 16. Bxf6 Bxf6 17. Ng1 Na6 18. cxd5 cxd5 19. Qa4 Qxa4 20. Nxa4 d4 21. Rac1 Bg5 22. Rce1 f6 23. Nf3 Be3 24. b3 Kf7 25. Nb2 Nb4 26. Nc4 Nxd3 27. Re2 Bh6 28. Nd6+ Ke7 29. Nxb7 Be3 30. Na5 Kf8 31. Nc4 Bh6 32. Re4 a5 33. Rh4 a4 34. Rxh3 axb3 35. axb3 Ra2 36. Rh4 Kg7 37. Re4 Nf2+ 38. Rxf2 Rxf2 39. Nh4 Ra8 40. Rg4+ Bg5 41. Nd6 Ra1# 0-1

[Event "Hull CC XXIX ann. B"]
[Site "Gatineau CAN"]
[Date "2009.09.08"]
[Round "1"]
[White "Arsenault, Yves"]
[Black "Rose, Richard1"]
[Result "0-1"]
[WhiteElo "1402"]
[BlackElo "1775"]
[PlyCount "92"]
[GameId "2160767910092837"]
[EventDate "2009.09.08"]
[EventType "swiss"]
[EventRounds "5"]
[EventCountry "CAN"]
[SourceTitle "EXT 2011"]
[Source "ChessBase"]
[SourceDate "2011.11.26"]
[SourceVersion "1"]
[SourceVersionDate "2011.11.26"]
[SourceQuality "1"]

1. e4 c5 2. Nf3 Nc6 3. d4 cxd4 4. Nxd4 d6 5. Bb5 Bd7 6. Nc3 g6 7. Be3 Bg7 8. O-O Nf6 9. Re1 O-O 10. f3 a6 11. Be2 Ne5 12. a4 b6 13. b3 Re8 14. Rc1 e6 15. Na2 d5 16. f4 Nc6 17. e5 Ne4 18. Bf3 f5 19. c4 Nxd4 20. Qxd4 Nc5 21. Bd1 dxc4 22. Rxc4 Bf8 23. Qc3 Ne4 24. Qc2 b5 25. Rc7 Rc8 26. Rxc8 Qxc8 27. Qxc8 Rxc8 28. axb5 Bxb5 29. Bf3 Rc2 30. Bxe4 Rxa2 31. Bf3 Rb2 32. g4 Rxb3 33. gxf5 Bb4 34. Bd1 Rd3 35. Bc2 Bxe1 36. Bxd3 Bxd3 37. fxe6 Kf8 38. Bc5+ Ke8 39. Bd6 Bd2 40. Kf2 Bxf4 41. h4 Bf5 42. e7 Bc1 43. Kf3 a5 44. Bc5 a4 45. Ke2 a3 46. Kd1 Bb2 0-1

[Event "Hull CC XXIX ann. B"]
[Site "Gatineau CAN"]
[Date "2009.09.08"]
[Round "1"]
[White "Beland, Guy"]
[Black "Thibault, Mario"]
[Result "0-1"]
[WhiteElo "1291"]
[BlackElo "1695"]
[PlyCount "52"]
[GameId "2160767910092838"]
[EventDate "2009.09.08"]
[EventType "swiss"]
[EventRounds "5"]
[EventCountry "CAN"]
[SourceTitle "EXT 2011"]
[Source "ChessBase"]
[SourceDate "2011.11.26"]
[SourceVersion "1"]
[SourceVersionDate "2011.11.26"]
[SourceQuality "1"]

1. e4 c5 2. Nf3 g6 3. d4 cxd4 4. Nxd4 Nc6 5. Bf4 Bg7 6. c3 Nf6 7. Bd3 O-O 8. O-O Nh5 9. Be3 d5 10. Nd2 Ne5 11. N2f3 Nxd3 12. Qxd3 e5 13. Ne2 dxe4 14. Qxe4 Qc7 15. Ng3 Nxg3 16. hxg3 Bf5 17. Qh4 h5 18. Rae1 Bd3 19. g4 Qc4 20. Nd4 exd4 21. gxh5 dxe3 22. f4 Bxf1 23. Rxf1 Qc5 24. hxg6 e2+ 25. Kh2 exf1=N+ 26. Kh1 fxg6 0-1

[Event "Hull CC XXIX ann. B"]
[Site "Gatineau CAN"]
[Date "2009.09.08"]
[Round "1"]
[White "Berthiaume, Serge"]
[Black "Beriault, Silvain"]
[Result "0-1"]
[WhiteElo "1353"]
[BlackElo "1724"]
[PlyCount "88"]
[GameId "2160767910092839"]
[EventDate "2009.09.08"]
[EventType "swiss"]
[EventRounds "5"]
[EventCountry "CAN"]
[SourceTitle "EXT 2011"]
[Source "ChessBase"]
[SourceDate "2011.11.26"]
[SourceVersion "1"]
[SourceVersionDate "2011.11.26"]
[SourceQuality "1"]

1. d4 Nf6 2. Nf3 e6 3. Bf4 b6 4. e3 Bb7 5. Bd3 c5 6. c3 Nc6 7. Nbd2 d5 8. Bb5 a6 9. Bxc6+ Bxc6 10. Ne5 Bb7 11. Qe2 Nd7 12. h4 Nxe5 13. Bxe5 f6 14. Bf4 g6 15. Nf3 Bg7 16. O-O-O O-O 17. g4 a5 18. g5 Ba6 19. Qe1 cxd4 20. exd4 e5 21. gxf6 Qxf6 22. Bxe5 Qxf3 23. Bxg7 Qf4+ 24. Rd2 Kxg7 25. h5 Rae8 26. Qg1 Re2 27. Qd1 Qxd2+ 28. Qxd2 Rxd2 29. Kxd2 Rxf2+ 30. Kc1 g5 31. Rh3 h6 32. Re3 Kf7 33. Re5 Bb7 34. c4 dxc4 35. d5 Rf6 36. Kc2 Rd6 37. Rf5+ Ke7 38. Re5+ Kf6 39. Re8 Bxd5 40. Kc3 Bf7 41. Rb8 Bxh5 42. Kxc4 Be2+ 43. Kc3 g4 44. Rf8+ Kg5 0-1

[Event "Hull CC XXIX ann. B"]
[Site "Gatineau CAN"]
[Date "2009.09.08"]
[Round "1"]
[White "Cossette, Daniel"]
[Black "Rainey, Ivan"]
[Result "1-0"]
[WhiteElo "2099"]
[BlackElo "1438"]
[PlyCount "35"]
[GameId "2160767910092840"]
[EventDate "2009.09.08"]
[EventType "swiss"]
[EventRounds "5"]
[EventCountry "CAN"]
[SourceTitle "EXT 2011"]
[Source "ChessBase"]
[SourceDate "2011.11.26"]
[SourceVersion "1"]
[SourceVersionDate "2011.11.26"]
[SourceQuality "1"]

1. e4 e6 2. d4 d5 3. Nc3 Bb4 4. exd5 exd5 5. Bd3 Nf6 6. Bg5 O-O 7. Nge2 Bg4 8. f3 Be6 9. O-O Nbd7 10. Nf4 Nb6 11. Nxe6 fxe6 12. Qe1 Bd6 13. Qxe6+ Kh8 14. Qh3 h6 15. Rae1 c6 16. Re6 Kg8 17. Bh4 Nc8 18. Rfe1 1-0

[Event "Hull CC XXIX ann. B"]
[Site "Gatineau CAN"]
[Date "2009.09.08"]
[Round "1"]
[White "Dupont, Claude"]
[Black "Dagenais, Benoit"]
[Result "0-1"]
[WhiteElo "1532"]
[BlackElo "1141"]
[PlyCount "70"]
[GameId "2160767910092841"]
[EventDate "2009.09.08"]
[EventType "swiss"]
[EventRounds "5"]
[EventCountry "CAN"]
[SourceTitle "EXT 2011"]
[Source "ChessBase"]
[SourceDate "2011.11.26"]
[SourceVersion "1"]
[SourceVersionDate "2011.11.26"]
[SourceQuality "1"]

1. e4 Nf6 2. d3 d5 3. f3 e5 4. Bg5 d4 5. Ne2 h6 6. Bh4 c5 7. c3 Nc6 8. Nd2 b5 9. g4 g5 10. Bg3 h5 11. gxh5 Nxh5 12. Bg2 Nxg3 13. hxg3 Rxh1+ 14. Bxh1 dxc3 15. Nxc3 Qxd3 16. Qe2 Qxe2+ 17. Kxe2 Nd4+ 18. Kf2 Be6 19. Bg2 O-O-O 20. Rc1 c4 21. g4 Bc5 22. Kg3 b4 23. Bf1 bxc3 24. Rxc3 Nb5 25. Rc1 Rxd2 26. Bxc4 Bf2+ 27. Kh3 Bxc4 28. Rxc4+ Kd7 29. Rb4 a6 30. a4 Nd4 31. Rb7+ Ke8 32. Rb8+ Ke7 33. Ra8 Nxf3 34. Rxa6 Bh4 35. Ra7+ Kf6 0-1